Normal view
MARC view
Entry Personal Name
001 - CONTROL NUMBER
- control field: 81050
003 - CONTROL NUMBER IDENTIFIER
- control field: OSt
005 - DATE AND TIME OF LATEST TRANSACTION
- control field: 20210913132944.0
008 - FIXED-LENGTH DATA ELEMENTS
- fixed length control field: 210913|| aca||aabn | a|a d
040 ## - CATALOGING SOURCE
- Original cataloging agency: OSt
- Transcribing agency: OSt
100 ## - HEADING--PERSONAL NAME
- Personal name: ललित,लालित्य
670 ## - SOURCE DATA FOUND
- Source citation: Work cat.: (OSt)64277: ललित,लालित्य, विलायतीराम पांडेय , 2017









